书目信息 |
| 题名: |
结构主义和符号学
|
|
| 作者: | 霍克斯 著 ;瞿铁鹏 译 | |
| 分册: | ||
| 出版信息: | 上海 上海译文出版社 1987 |
|
| 页数: | 188页 | |
| 开本: | 20cm | |
| 丛书名: | 当代学术思潮译丛 | |
| 单 册: | ||
| 中图分类: | B561.59 | |
| 科图分类: | ||
| 主题词: | 哲学--英国--现代 | |
| 电子资源: | ||
| ISBN: | ||
| 000 | 00749nam2 2200253 45 | |
| 001 | 0187011236 | |
| 005 | 20050322145136.2 | |
| 010 | @dCNY1.70 | |
| 100 | @a19960128d1987 em y0chiy0121 ea | |
| 101 | 1 | @achi@ceng |
| 102 | @aCN@b310000 | |
| 105 | @ay z 000yy | |
| 200 | 10 | @a结构主义和符号学@Ajie gou zhu yi he fu hao xue@f(英)特伦斯·霍克斯著@F(Ying)Te Lun Si·Huo Ke Si Zhu@g瞿铁鹏译 |
| 210 | @a上海@c上海译文出版社@d1987 | |
| 215 | @a188页@d20cm | |
| 225 | 2 | @a当代学术思潮译丛 |
| 410 | 0 | @120010@a当代学术思潮译丛 |
| 606 | 0 | @a哲学@x英国@x现代 |
| 690 | @aB561.59@v3 | |
| 701 | 0 | @a霍克斯@4著 |
| 702 | 0 | @a瞿铁鹏@4译@Aqu tie peng |
| 801 | 0 | @aCN@b深圳图书馆@c20050322 |
| 801 | 2 | @aCN@bNLC@c20050322 |
| 905 | @f1@b217949@dB561.59@e10 | |
| 结构主义和符号学/(英)特伦斯·霍克斯著/瞿铁鹏译.-上海:上海译文出版社,1987 |
| 188页;20cm.-(当代学术思潮译丛) |
| ISBN :CNY1.70 |
| ● |
| 相关链接 |
|
|
|
|
正题名:结构主义和符号学
索取号:B561.59/10
 
预约/预借
| 序号 | 登录号 | 条形码 | 馆藏地/架位号 | 状态 | 备注 |
| 1 | 0217949 | 002017640 | 第一借阅区/ [索取号:B561.59/10] | 在馆 | |
| 2 | 0217950 | 000579225 | 第一样本阅览室/ [索取号:B561.59/10] | 在馆 |